000 00722nam a22001457a 4500
999 _c525976
_d525976
008 240429b ||||| |||| 00| 0 eng d
100 _aSkinner, Jonathan
_944763
245 _aRebitzer, James B. and Robert S. Rebitzer. Why not better and cheaper? Healthcare and innovation
260 _aJournal of Economic Literature
300 _a62(1). Mar, 2024: p.330-332
520 _aSkinner, Jonathan. 2024. "Rebitzer, James B. and Robert S. Rebitzer. Why Not Better and Cheaper? Healthcare and Innovation." Journal of Economic Literature, 62 (1): 330-32.- Reproduced https://www.aeaweb.org/articles?id=10.1257/jel.62.1.317.r9
773 _aJournal of Economic Literature
906 _aBOOK REVIEW
942 _cAR